000 00942nam a2200325Ia 4500
003 GCL
008 140319s9999 xx 000 0 ara d
040 _aGCL /
_cGCL
082 0 4 _a398.22
_bس ق
100 1 _aسليمان مظهر
245 1 0 _aقصة العقائد بين السماء والارض /
_cسليمان مظهر
300 _a543 ص
490 _a
650 0 4 _aالاسلام
650 0 4 _aالشياطين والجان
650 0 4 _aاليهودية
650 0 4 _aالهندوسية
650 0 4 _aالديانات القديمة
650 0 4 _aالخرافات
650 0 4 _aالاصلاح الدينى
650 0 4 _aالفن والاساطير
650 0 4 _aالاساطير
650 0 4 _aالخير والشر
650 0 4 _aالالهة
650 0 4 _aالابطال
650 0 4 _aالاساطير اليونانية
650 0 4 _aالهندوس
650 0 4 _aالبراهمة
942 _2ddc
_cBK
999 _c38524
_d38524